000 00898nas a2200313 4500
001 BR2016004282
003 BR-BrBNA
005 20231205130748.0
007 ta
008 230509b bl.|||p| |||| 00| 00por d
040 _aBR-BrBNA
_bpor
_cBiblioteca Nacional de Agricultura
041 _a(En)
072 _aH60
100 1 _aSouza, M.F.
100 1 _aNeto, M.D.C.
100 1 _aMarinho, M.I.
100 1 _aSaraiva, D.T.
100 1 _aFaria, A.T.
100 1 _aSilva, A.A.
100 1 _aSilva, D.V.
245 1 _aPersistence of imidazolinones in soils under a clearfield system of rice cultivation
650 _aSORGO
650 _aSORGHUM VULGARE
650 _aERVA DANINHA
650 _aHERBICIDA
773 0 _tPlanta Daninha (Brazil)
_xISSN 0100-8358
_g(Jul-Sep 2016), v. 34(3) p. 589-596
_wBR2016004282
909 _a202311
_bLúcia
_c55
_dLúcia Elande
942 _2AGRIS
_n0
_cANA
999 _c251085
_d251085